00971ngm a2200229 a 450000500170000000800410001708200230005824500930008125000190017430000630019349000140025650001240027065000630039465000440045765000510050170000240055226400420057633600270061833700330064533800280067804000350070620220317001252.0160825s1987 ck g 000 0 spa 04a791.433 M14cbM14c13aEl caballito jorobaditocdirección de animación Iván Ivanov-Vanohvideograbación a1a. edición  a1 videocasete en VHS (76 minutos) bsonido, color c20 cm  aLa maleta aLa película pertenece a la colección La Maleta. Dirigida para un público infantil. Película en dibujos animados142LEMBaPelículas cinematográficas rusas vVideocasetes 142LEMBaCine para niños vVideocasetes 142LEMBaCuentos infantiles rusos vVideocasetes 1 aIvanov-Vano, Iván aBogotábMinisterio de Culturac1987 atextobtxt2rdacontent asin mediaciónbn2rdamedia avolumenbnc2rdacarrier aCO-BoRNBPbspaerdacCO-BoRNBP